| 000 | 00846nam a2200253 i 4500 | ||
|---|---|---|---|
| 003 | DO-SdBNP | ||
| 005 | 20250711083747.0 | ||
| 007 | ta | ||
| 008 | 250711b2024 dr c | |||| 00| 0 spa d | ||
| 040 |
_aDO-SdBNP _bspa _cBNPHU _erda |
||
| 041 | _aspa | ||
| 082 |
_axxx _bL791 _222 |
||
| 100 |
_aLlibre Otero, Manuel F., _d1966- _eautor _4aut. _923178 |
||
| 245 | 1 | 0 |
_aVendimia de colores : _bemoción, luz y pasión en la dominicanidad / _cManuel Llibre Otero, Luis Córdova |
| 264 | 1 |
_aSanto Domingo : _bRafael Delmonte titi, _bVinos de autores, _c2024. |
|
| 300 |
_a28 páginas _bretratos _c23 cm. |
||
| 336 |
_atexto _btxt _2rdacontent |
||
| 337 |
_asin mediación _bn _2rdamedia |
||
| 338 |
_avolumen _bnc _2rdacarrier |
||
| 590 | _aInventariado, 2025/ YL | ||
| 700 | 1 |
_aCórdova, Luis _eautor _4aut. _92670 |
|
| 910 | _aYLockward | ||
| 942 |
_2ddc _cLF2 |
||
| 999 |
_c59501 _d59501 |
||